Statistiques concernant Nombre de tournois du grand-chelem gagné par nation (WTA)

Cliquez ici pour prendre le quiz!

Statistiques générales

  • Ce quiz a été pris 46 fois
  • Le résultat moyen est 13 sur 21

Statistiques - réponses

HintRéponse% Correct
84Etats-Unis
100%
5France
94%
22Australie
85%
7Espagne
85%
8Russie
85%
25Allemagne
82%
5Royaume-Uni
76%
11Belgique
71%
2Italie
68%
5Suisse
65%
2Japon
62%
9République Tchèque
56%
1Canada
53%
2Chine
53%
3Roumanie
53%
10Serbie
50%
2Biélorussie
38%
1Argentine
35%
1Danemark
26%
1Lettonie
24%
1Croatie
21%

Distribution des résultats

Percentile par nombre de réponses

% des personnes avec chaque résultat

Votre développement - résultats

Vous n’avez pas pris ce quiz